[Event "April 9 Late 2024"]
[Site "Chess.com"]
[Date "2024.04.09"]
[Round "7"]
[White "Paragua, Megan Althea"]
[Black "Danielian, Vardan"]
[Result "0-1"]
[Board "77"]
[WhiteFideId "30973007"]
[BlackFideId "13301594"]
[WhiteTitle "WFM"]
[BlackTitle "FM"]
[WhiteElo "2455"]
[BlackElo "2613"]
[WhiteTeam "USA"]
[BlackTeam "ARM"]
[WhiteClock "0:00:04"]
[BlackClock "0:00:55"]
[Variant "Standard"]

1. e4 {[%clk 0:03:00]}  c5 {[%clk 0:02:59]} 2. Nf3 {[%clk 0:02:59]}  d6 {[%clk 0:03:00]} 3. d4 {[%clk 0:02:58]}  cxd4 {[%clk 0:03:00]} 4. Qxd4 {[%clk 0:02:59]}  a6 {[%clk 0:02:59]} 5. Bc4 {[%clk 0:02:57]}  Nc6 {[%clk 0:02:59]} 6. Qd3 {[%clk 0:02:44]}  e6 {[%clk 0:02:58]} 7. Nc3 {[%clk 0:02:43]}  Nf6 {[%clk 0:02:57]} 8. Bf4 {[%clk 0:02:38]}  Be7 {[%clk 0:02:50]} 9. O-O-O {[%clk 0:02:37]}  e5 {[%clk 0:02:46]} 10. Bg5 {[%clk 0:02:32]}  Be6 {[%clk 0:02:37]} 11. Bxe6 {[%clk 0:02:04]}  fxe6 {[%clk 0:02:35]} 12. Bxf6 {[%clk 0:01:58]}  gxf6 {[%clk 0:02:34]} 13. g4 {[%clk 0:01:58]}  Rc8 {[%clk 0:02:30]} 14. Kb1 {[%clk 0:01:56]}  Qa5 {[%clk 0:02:28]} 15. a3 {[%clk 0:01:53]}  Qc5 {[%clk 0:02:20]} 16. h4 {[%clk 0:01:42]}  b5 {[%clk 0:02:19]} 17. Na2 {[%clk 0:01:41]}  O-O {[%clk 0:02:09]} 18. Qb3 {[%clk 0:01:35]}  Qc4 {[%clk 0:02:07]} 19. Qxc4 {[%clk 0:01:14]}  bxc4 {[%clk 0:02:06]} 20. Nc3 {[%clk 0:01:14]}  Kf7 {[%clk 0:01:44]} 21. Nd2 {[%clk 0:01:04]}  Nd4 {[%clk 0:01:40]} 22. Rdg1 {[%clk 0:00:53]}  Rg8 {[%clk 0:01:39]} 23. Rg3 {[%clk 0:00:43]}  Bd8 {[%clk 0:01:39]} 24. g5 {[%clk 0:00:29]}  Ba5 {[%clk 0:01:38]} 25. gxf6 {[%clk 0:00:24]}  Rxg3 {[%clk 0:01:33]} 26. fxg3 {[%clk 0:00:24]}  Kxf6 {[%clk 0:01:32]} 27. Rf1+ {[%clk 0:00:23]}  Ke7 {[%clk 0:01:32]} 28. g4 {[%clk 0:00:17]}  Bxc3 {[%clk 0:01:29]} 29. bxc3 {[%clk 0:00:17]}  Rb8+ {[%clk 0:01:27]} 30. Ka2 {[%clk 0:00:12]}  Nxc2 {[%clk 0:01:21]} 31. Nxc4 {[%clk 0:00:12]}  Rc8 {[%clk 0:01:21]} 32. Kb3 {[%clk 0:00:09]}  Rxc4 {[%clk 0:01:20]} 33. Kxc2 {[%clk 0:00:09]}  Rxe4 {[%clk 0:01:20]} 34. Rg1 {[%clk 0:00:08]}  Rf4 {[%clk 0:01:17]} 35. h5 {[%clk 0:00:07]}  e4 {[%clk 0:01:14]} 36. g5 {[%clk 0:00:07]}  Rf2+ {[%clk 0:01:14]} 37. Kb3 {[%clk 0:00:07]}  Kf7 {[%clk 0:01:14]} 38. g6+ {[%clk 0:00:06]}  hxg6 {[%clk 0:01:15]} 39. hxg6+ {[%clk 0:00:05]}  Kg7 {[%clk 0:01:15]} 40. c4 {[%clk 0:00:06]}  Rf6 {[%clk 0:01:11]} 41. Re1 {[%clk 0:00:05]}  d5 {[%clk 0:01:09]} 42. Rd1 {[%clk 0:00:05]}  Kxg6 {[%clk 0:01:04]} 43. cxd5 {[%clk 0:00:05]}  exd5 {[%clk 0:01:04]} 44. Rxd5 {[%clk 0:00:05]}  Re6 {[%clk 0:01:04]} 45. Rd1 {[%clk 0:00:06]}  Kf5 {[%clk 0:01:03]} 46. Kc4 {[%clk 0:00:06]}  Kf4 {[%clk 0:01:00]} 47. Kd5 {[%clk 0:00:06]}  Re5+ {[%clk 0:01:00]} 48. Kd4 {[%clk 0:00:06]}  Re8 {[%clk 0:01:00]} 49. Rf1+ {[%clk 0:00:07]}  Kg3 {[%clk 0:01:00]} 50. Re1 {[%clk 0:00:07]}  Kf3 {[%clk 0:00:58]} 51. Rf1+ {[%clk 0:00:07]}  Ke2 {[%clk 0:00:58]} 52. Rf6 {[%clk 0:00:07]}  e3 {[%clk 0:00:57]} 53. Rxa6 {[%clk 0:00:07]}  Kd2 {[%clk 0:00:57]} 54. Rh6 {[%clk 0:00:08]}  e2 {[%clk 0:00:57]} 55. Rh2 {[%clk 0:00:08]}  Ra8 {[%clk 0:00:56]} 56. Ke4 {[%clk 0:00:05]}  Rxa3 {[%clk 0:00:55]} 57. Kf4 {[%clk 0:00:04]}  Kd1 {[%clk 0:00:55]} 0-1

[Event "April 9 Late 2024"]
[Site "Chess.com"]
[Date "2024.04.09"]
[Round "7"]
[White "Hajiyev, Kanan"]
[Black "Kleibel, Uwe"]
[Result "1-0"]
[Board "78"]
[WhiteFideId "13404148"]
[BlackFideId "1270982"]
[WhiteTitle "FM"]
[BlackTitle "FM"]
[WhiteElo "2611"]
[BlackElo "2451"]
[WhiteTeam "AZE"]
[BlackTeam "GER"]
[WhiteClock "0:00:15"]
[BlackClock "0:00:10"]
[Variant "Standard"]

1. d4 {[%clk 0:02:52]}  Nf6 {[%clk 0:02:59]} 2. Nf3 {[%clk 0:02:52]}  c5 {[%clk 0:03:00]} 3. e3 {[%clk 0:02:51]}  cxd4 {[%clk 0:02:57]} 4. exd4 {[%clk 0:02:52]}  d5 {[%clk 0:02:57]} 5. Bd3 {[%clk 0:02:52]}  Bg4 {[%clk 0:02:57]} 6. h3 {[%clk 0:02:53]}  Bh5 {[%clk 0:02:57]} 7. c3 {[%clk 0:02:53]}  Qc7 {[%clk 0:02:56]} 8. O-O {[%clk 0:02:54]}  e6 {[%clk 0:02:56]} 9. a4 {[%clk 0:02:54]}  Bd6 {[%clk 0:02:55]} 10. Bg5 {[%clk 0:02:49]}  Nc6 {[%clk 0:02:53]} 11. Nbd2 {[%clk 0:02:48]}  O-O {[%clk 0:02:51]} 12. Qc2 {[%clk 0:02:37]}  Bg6 {[%clk 0:02:50]} 13. Bxg6 {[%clk 0:02:34]}  hxg6 {[%clk 0:02:51]} 14. Qd3 {[%clk 0:02:29]}  a6 {[%clk 0:02:46]} 15. b4 {[%clk 0:02:27]}  Rab8 {[%clk 0:02:42]} 16. a5 {[%clk 0:02:26]}  Rfc8 {[%clk 0:02:40]} 17. Nb3 {[%clk 0:02:26]}  e5 {[%clk 0:02:34]} 18. dxe5 {[%clk 0:02:06]}  Nxe5 {[%clk 0:02:33]} 19. Nxe5 {[%clk 0:02:05]}  Bxe5 {[%clk 0:02:34]} 20. Nc5 {[%clk 0:01:59]}  Ne4 {[%clk 0:02:31]} 21. Nxe4 {[%clk 0:01:49]}  dxe4 {[%clk 0:02:32]} 22. Qxe4 {[%clk 0:01:50]}  Bxc3 {[%clk 0:02:17]} 23. Rac1 {[%clk 0:01:49]}  Qe5 {[%clk 0:02:17]} 24. Qxe5 {[%clk 0:01:34]}  Bxe5 {[%clk 0:02:18]} 25. Be3 {[%clk 0:01:31]}  Rxc1 {[%clk 0:02:05]} 26. Rxc1 {[%clk 0:01:32]}  Rd8 {[%clk 0:02:05]} 27. Kf1 {[%clk 0:01:25]}  Kf8 {[%clk 0:02:04]} 28. Ke2 {[%clk 0:01:23]}  Ke7 {[%clk 0:02:04]} 29. f4 {[%clk 0:01:22]}  Bd6 {[%clk 0:02:03]} 30. Bc5 {[%clk 0:01:19]}  Bxc5 {[%clk 0:02:01]} 31. Rxc5 {[%clk 0:01:19]}  Kd6 {[%clk 0:01:49]} 32. Kd3 {[%clk 0:01:12]}  Re8 {[%clk 0:01:48]} 33. Rc2 {[%clk 0:01:04]}  f5 {[%clk 0:01:42]} 34. g3 {[%clk 0:01:04]}  Re4 {[%clk 0:01:41]} 35. Rc4 {[%clk 0:01:02]}  Re1 {[%clk 0:01:40]} 36. Rd4+ {[%clk 0:00:57]}  Kc6 {[%clk 0:01:40]} 37. Rc4+ {[%clk 0:00:57]}  Kd6 {[%clk 0:01:36]} 38. Rd4+ {[%clk 0:00:57]}  Kc6 {[%clk 0:01:36]} 39. Kd2 {[%clk 0:00:52]}  Re7 {[%clk 0:01:31]} 40. Kc3 {[%clk 0:00:51]}  Re3+ {[%clk 0:01:28]} 41. Rd3 {[%clk 0:00:50]}  Re4 {[%clk 0:01:29]} 42. Kb3 {[%clk 0:00:41]}  Kb5 {[%clk 0:01:22]} 43. Rd5+ {[%clk 0:00:41]}  Kc6 {[%clk 0:01:23]} 44. Rd3 {[%clk 0:00:34]}  Kb5 {[%clk 0:01:23]} 45. Rd5+ {[%clk 0:00:33]}  Kc6 {[%clk 0:01:23]} 46. Rc5+ {[%clk 0:00:34]}  Kd6 {[%clk 0:01:22]} 47. Rc3 {[%clk 0:00:35]}  Rd4 {[%clk 0:01:17]} 48. Ka4 {[%clk 0:00:29]}  Kd7 {[%clk 0:01:12]} 49. Re3 {[%clk 0:00:25]}  Rc4 {[%clk 0:01:10]} 50. Kb3 {[%clk 0:00:25]}  Rd4 {[%clk 0:01:10]} 51. Kc3 {[%clk 0:00:25]}  Rd5 {[%clk 0:01:06]} 52. Rd3 {[%clk 0:00:24]}  Kc6 {[%clk 0:01:02]} 53. Rxd5 {[%clk 0:00:24]}  Kxd5 {[%clk 0:01:03]} 54. Kd3 {[%clk 0:00:24]}  Kd6 {[%clk 0:01:01]} 55. Kd4 {[%clk 0:00:24]}  Kc6 {[%clk 0:01:01]} 56. Kc4 {[%clk 0:00:19]}  Kd6 {[%clk 0:01:01]} 57. g4 {[%clk 0:00:15]}  Kc6 {[%clk 0:00:54]} 58. b5+ {[%clk 0:00:13]}  axb5+ {[%clk 0:00:53]} 59. Kb4 {[%clk 0:00:13]}  fxg4 {[%clk 0:00:34]} 60. hxg4 {[%clk 0:00:14]}  g5 {[%clk 0:00:27]} 61. f5 {[%clk 0:00:15]}  b6 {[%clk 0:00:13]} 62. a6 {[%clk 0:00:15]}  Kc7 {[%clk 0:00:10]} 63. Kxb5 {[%clk 0:00:15]} 1-0

[Event "April 9 Late 2024"]
[Site "Chess.com"]
[Date "2024.04.09"]
[Round "7"]
[White "Tulchynskyi, Feliks"]
[Black "Denis Denisenko"]
[Result "1-0"]
[Board "80"]
[WhiteFideId "34127895"]
[BlackFideId "4170652"]
[WhiteTitle "FM"]
[WhiteElo "2593"]
[BlackElo "2450"]
[WhiteTeam "UKR"]
[WhiteClock "0:01:07"]
[BlackClock "0:01:06"]
[Variant "Standard"]

1. d4 {[%clk 0:02:59]}  d5 {[%clk 0:02:55]} 2. Nc3 {[%clk 0:02:59]}  c6 {[%clk 0:02:55]} 3. e4 {[%clk 0:02:58]}  dxe4 {[%clk 0:02:55]} 4. Nxe4 {[%clk 0:02:59]}  Bf5 {[%clk 0:02:54]} 5. Ng3 {[%clk 0:02:57]}  Bg6 {[%clk 0:02:54]} 6. c3 {[%clk 0:02:56]}  Nd7 {[%clk 0:02:53]} 7. h4 {[%clk 0:02:55]}  h6 {[%clk 0:02:53]} 8. Nh3 {[%clk 0:02:54]}  e5 {[%clk 0:02:52]} 9. Qe2 {[%clk 0:02:47]}  Qe7 {[%clk 0:02:48]} 10. dxe5 {[%clk 0:02:44]}  Qxe5 {[%clk 0:02:45]} 11. Nf4 {[%clk 0:02:39]}  Qxe2+ {[%clk 0:02:37]} 12. Bxe2 {[%clk 0:02:40]}  Bh7 {[%clk 0:02:35]} 13. Be3 {[%clk 0:02:39]}  Bc5 {[%clk 0:02:34]} 14. Bxc5 {[%clk 0:02:34]}  Nxc5 {[%clk 0:02:34]} 15. O-O-O {[%clk 0:02:35]}  Nf6 {[%clk 0:02:28]} 16. b4 {[%clk 0:02:31]}  Nce4 {[%clk 0:02:26]} 17. Nxe4 {[%clk 0:02:17]}  Nxe4 {[%clk 0:02:27]} 18. Bf3 {[%clk 0:02:15]}  Nxf2 {[%clk 0:01:52]} 19. Rhe1+ {[%clk 0:02:12]}  Kf8 {[%clk 0:01:52]} 20. Rd7 {[%clk 0:01:48]}  g5 {[%clk 0:01:51]} 21. Ree7 {[%clk 0:01:41]}  gxf4 {[%clk 0:01:36]} 22. Rxf7+ {[%clk 0:01:40]}  Kg8 {[%clk 0:01:36]} 23. Rg7+ {[%clk 0:01:39]}  Kf8 {[%clk 0:01:36]} 24. Rdf7+ {[%clk 0:01:38]}  Ke8 {[%clk 0:01:36]} 25. Bh5 {[%clk 0:01:15]}  Nd3+ {[%clk 0:01:19]} 26. Kd2 {[%clk 0:01:13]}  Rd8 {[%clk 0:01:10]} 27. Rd7+ {[%clk 0:01:10]}  Kf8 {[%clk 0:01:09]} 28. Rgf7+ {[%clk 0:01:09]}  Ke8 {[%clk 0:01:07]} 29. Rxh7+ {[%clk 0:01:08]}  Kf8 {[%clk 0:01:06]} 30. Rxh8# {[%clk 0:01:07]} 1-0

[Event "April 9 Late 2024"]
[Site "Chess.com"]
[Date "2024.04.09"]
[Round "7"]
[White "Rees, Ioan"]
[Black "Olhovik, Andrei"]
[Result "0-1"]
[Board "81"]
[WhiteFideId "1801236"]
[BlackFideId "13507397"]
[WhiteTitle "FM"]
[BlackTitle "FM"]
[WhiteElo "2440"]
[BlackElo "2587"]
[WhiteTeam "WLS"]
[BlackTeam "FID"]
[WhiteClock "0:00:10"]
[BlackClock "0:00:14"]
[Variant "Standard"]

1. e4 {[%clk 0:03:00]}  c5 {[%clk 0:02:59]} 2. Nf3 {[%clk 0:03:00]}  e6 {[%clk 0:02:59]} 3. c3 {[%clk 0:02:59]}  Nf6 {[%clk 0:02:58]} 4. e5 {[%clk 0:02:55]}  Nd5 {[%clk 0:02:58]} 5. Bc4 {[%clk 0:02:54]}  Nc7 {[%clk 0:02:56]} 6. O-O {[%clk 0:02:53]}  b6 {[%clk 0:02:56]} 7. d4 {[%clk 0:02:51]}  Bb7 {[%clk 0:02:55]} 8. Nbd2 {[%clk 0:02:45]}  Be7 {[%clk 0:02:53]} 9. Re1 {[%clk 0:02:45]}  O-O {[%clk 0:02:53]} 10. Ne4 {[%clk 0:02:45]}  cxd4 {[%clk 0:02:42]} 11. cxd4 {[%clk 0:02:44]}  Nc6 {[%clk 0:02:41]} 12. a3 {[%clk 0:02:22]}  Rc8 {[%clk 0:02:24]} 13. Bg5 {[%clk 0:02:20]}  Ba6 {[%clk 0:02:20]} 14. Ba2 {[%clk 0:02:12]}  Nd5 {[%clk 0:02:19]} 15. Nd6 {[%clk 0:02:06]}  Bxg5 {[%clk 0:02:16]} 16. Nxc8 {[%clk 0:02:03]}  Bxc8 {[%clk 0:02:15]} 17. Qd3 {[%clk 0:02:00]}  Be7 {[%clk 0:02:05]} 18. Rac1 {[%clk 0:01:54]}  Bb7 {[%clk 0:01:57]} 19. g3 {[%clk 0:01:50]}  Qa8 {[%clk 0:01:49]} 20. Nd2 {[%clk 0:01:47]}  Na5 {[%clk 0:01:39]} 21. h4 {[%clk 0:01:43]}  f6 {[%clk 0:01:34]} 22. Bb1 {[%clk 0:01:33]}  g6 {[%clk 0:01:34]} 23. h5 {[%clk 0:01:21]}  f5 {[%clk 0:01:33]} 24. b4 {[%clk 0:01:19]}  Nc6 {[%clk 0:01:32]} 25. Nc4 {[%clk 0:01:09]}  gxh5 {[%clk 0:01:23]} 26. b5 {[%clk 0:00:56]}  Na5 {[%clk 0:01:21]} 27. Nxa5 {[%clk 0:00:53]}  bxa5 {[%clk 0:01:21]} 28. Qe2 {[%clk 0:00:51]}  Qe8 {[%clk 0:01:19]} 29. a4 {[%clk 0:00:49]}  Qg6 {[%clk 0:01:15]} 30. Kh2 {[%clk 0:00:46]}  Nf4 {[%clk 0:00:58]} 31. Qd2 {[%clk 0:00:40]}  Nd5 {[%clk 0:00:57]} 32. Qe2 {[%clk 0:00:32]}  Kh8 {[%clk 0:00:57]} 33. Rg1 {[%clk 0:00:22]}  Qh6 {[%clk 0:00:49]} 34. Ba2 {[%clk 0:00:18]}  Bg5 {[%clk 0:00:45]} 35. Bxd5 {[%clk 0:00:18]}  Bxd5 {[%clk 0:00:43]} 36. Rc7 {[%clk 0:00:18]}  h4 {[%clk 0:00:39]} 37. g4 {[%clk 0:00:17]}  h3 {[%clk 0:00:26]} 38. Rxd7 {[%clk 0:00:15]}  Bf4+ {[%clk 0:00:27]} 39. Rg3 {[%clk 0:00:15]}  Bxg3+ {[%clk 0:00:27]} 40. fxg3 {[%clk 0:00:15]}  f4 {[%clk 0:00:27]} 41. gxf4 {[%clk 0:00:13]}  Qxf4+ {[%clk 0:00:26]} 42. Kxh3 {[%clk 0:00:13]}  Qh6+ {[%clk 0:00:26]} 43. Kg3 {[%clk 0:00:13]}  Qf4+ {[%clk 0:00:24]} 44. Kh3 {[%clk 0:00:13]}  Qxd4 {[%clk 0:00:21]} 45. Qc2 {[%clk 0:00:09]}  Qe3+ {[%clk 0:00:12]} 46. Kh4 {[%clk 0:00:10]}  Qh6+ {[%clk 0:00:12]} 47. Kg3 {[%clk 0:00:10]}  Rf3+ {[%clk 0:00:13]} 48. Kg2 {[%clk 0:00:10]}  Qh3+ {[%clk 0:00:13]} 49. Kg1 {[%clk 0:00:10]}  Rf1# {[%clk 0:00:14]} 0-1

[Event "April 9 Late 2024"]
[Site "Chess.com"]
[Date "2024.04.09"]
[Round "7"]
[White "Sroczynski, Maciej"]
[Black "Yagupov, Igor"]
[Result "1/2-1/2"]
[Board "82"]
[WhiteFideId "1121472"]
[BlackFideId "4113632"]
[WhiteTitle "FM"]
[BlackTitle "GM"]
[WhiteElo "2431"]
[BlackElo "2586"]
[WhiteTeam "POL"]
[BlackTeam "RUS"]
[WhiteClock "0:00:06"]
[BlackClock "0:00:05"]
[Variant "Standard"]

1. d4 {[%clk 0:03:00]}  d5 {[%clk 0:02:58]} 2. c4 {[%clk 0:03:00]}  c6 {[%clk 0:02:58]} 3. Nf3 {[%clk 0:03:00]}  Nf6 {[%clk 0:02:57]} 4. Qc2 {[%clk 0:03:00]}  e6 {[%clk 0:02:53]} 5. Nbd2 {[%clk 0:02:58]}  Nbd7 {[%clk 0:02:41]} 6. g3 {[%clk 0:02:59]}  Bd6 {[%clk 0:02:29]} 7. Bg2 {[%clk 0:02:59]}  O-O {[%clk 0:02:28]} 8. O-O {[%clk 0:03:00]}  e5 {[%clk 0:02:16]} 9. cxd5 {[%clk 0:02:55]}  cxd5 {[%clk 0:02:15]} 10. dxe5 {[%clk 0:02:52]}  Nxe5 {[%clk 0:02:15]} 11. Nxe5 {[%clk 0:02:52]}  Bxe5 {[%clk 0:02:15]} 12. Nf3 {[%clk 0:02:50]}  Bd6 {[%clk 0:02:14]} 13. Rd1 {[%clk 0:02:46]}  h6 {[%clk 0:02:11]} 14. b3 {[%clk 0:02:41]}  Be6 {[%clk 0:02:09]} 15. Bb2 {[%clk 0:02:41]}  Rc8 {[%clk 0:02:03]} 16. Qd3 {[%clk 0:02:40]}  Ne4 {[%clk 0:02:02]} 17. Bd4 {[%clk 0:02:14]}  Qa5 {[%clk 0:01:55]} 18. a3 {[%clk 0:02:10]}  a6 {[%clk 0:01:52]} 19. b4 {[%clk 0:02:09]}  Qa4 {[%clk 0:01:48]} 20. Rdc1 {[%clk 0:01:50]}  Rxc1+ {[%clk 0:01:38]} 21. Rxc1 {[%clk 0:01:49]}  Rc8 {[%clk 0:01:39]} 22. Rxc8+ {[%clk 0:01:39]}  Bxc8 {[%clk 0:01:40]} 23. Ne1 {[%clk 0:01:24]}  Bf5 {[%clk 0:01:34]} 24. Bxe4 {[%clk 0:01:19]}  dxe4 {[%clk 0:01:20]} 25. Qc3 {[%clk 0:01:16]}  Bf8 {[%clk 0:01:13]} 26. Nc2 {[%clk 0:01:16]}  Qd7 {[%clk 0:01:05]} 27. Ne3 {[%clk 0:01:12]}  Bh3 {[%clk 0:01:04]} 28. Be5 {[%clk 0:00:59]}  f6 {[%clk 0:01:01]} 29. Bd4 {[%clk 0:00:58]}  h5 {[%clk 0:00:54]} 30. Ng2 {[%clk 0:00:57]}  Bd6 {[%clk 0:00:46]} 31. Qc4+ {[%clk 0:00:51]}  Qe6 {[%clk 0:00:39]} 32. Qc2 {[%clk 0:00:46]}  Bxg2 {[%clk 0:00:36]} 33. Kxg2 {[%clk 0:00:46]}  h4 {[%clk 0:00:37]} 34. Be3 {[%clk 0:00:39]}  h3+ {[%clk 0:00:36]} 35. Kf1 {[%clk 0:00:36]}  Kf7 {[%clk 0:00:33]} 36. Ke1 {[%clk 0:00:36]}  g5 {[%clk 0:00:27]} 37. Kd2 {[%clk 0:00:36]}  Qd5+ {[%clk 0:00:25]} 38. Ke1 {[%clk 0:00:35]}  Kg6 {[%clk 0:00:23]} 39. Bd2 {[%clk 0:00:17]}  b5 {[%clk 0:00:21]} 40. Be3 {[%clk 0:00:17]}  Be5 {[%clk 0:00:19]} 41. Bc5 {[%clk 0:00:16]}  f5 {[%clk 0:00:17]} 42. Be3 {[%clk 0:00:15]}  f4 {[%clk 0:00:14]} 43. Bc5 {[%clk 0:00:11]}  Kh5 {[%clk 0:00:10]} 44. Kf1 {[%clk 0:00:07]}  e3 {[%clk 0:00:09]} 45. fxe3 {[%clk 0:00:05]}  Qh1+ {[%clk 0:00:08]} 46. Kf2 {[%clk 0:00:05]}  Qxh2+ {[%clk 0:00:07]} 47. Ke1 {[%clk 0:00:06]}  Qxg3+ {[%clk 0:00:07]} 48. Kd2 {[%clk 0:00:06]}  fxe3+ {[%clk 0:00:06]} 49. Bxe3 {[%clk 0:00:05]}  Bf4 {[%clk 0:00:04]} 50. Qh7+ {[%clk 0:00:05]}  Kg4 {[%clk 0:00:04]} 51. Qd7+ {[%clk 0:00:05]}  Kh4 {[%clk 0:00:04]} 52. Qh7+ {[%clk 0:00:05]}  Kg4 {[%clk 0:00:04]} 53. Qd7+ {[%clk 0:00:06]}  Kh4 {[%clk 0:00:05]} 54. Qh7+ {[%clk 0:00:06]}  Kg4 {[%clk 0:00:05]} 1/2-1/2

[Event "April 9 Late 2024"]
[Site "Chess.com"]
[Date "2024.04.09"]
[Round "7"]
[White "Gokhale Rishabh Chandrashekhar"]
[Black "Jaque Gutierrez, Matias"]
[Result "1-0"]
[Board "83"]
[WhiteFideId "35007416"]
[BlackFideId "3426980"]
[BlackTitle "CM"]
[WhiteElo "2583"]
[BlackElo "2426"]
[WhiteTeam "IND"]
[BlackTeam "CHI"]
[WhiteClock "0:00:22"]
[BlackClock "0:00:00"]
[Variant "Standard"]

1. Nf3 {[%clk 0:02:59]}  c5 {[%clk 0:02:58]} 2. b3 {[%clk 0:02:58]}  Nf6 {[%clk 0:02:49]} 3. Bb2 {[%clk 0:02:57]}  g6 {[%clk 0:02:49]} 4. e3 {[%clk 0:02:58]}  Bg7 {[%clk 0:02:49]} 5. Be2 {[%clk 0:02:58]}  O-O {[%clk 0:02:49]} 6. O-O {[%clk 0:02:58]}  d5 {[%clk 0:02:49]} 7. c4 {[%clk 0:02:59]}  d4 {[%clk 0:02:42]} 8. exd4 {[%clk 0:03:00]}  Nh5 {[%clk 0:02:42]} 9. Ne5 {[%clk 0:02:50]}  cxd4 {[%clk 0:02:39]} 10. Bxh5 {[%clk 0:02:49]}  Bxe5 {[%clk 0:02:37]} 11. Bf3 {[%clk 0:02:44]}  Nc6 {[%clk 0:02:37]} 12. d3 {[%clk 0:02:42]}  a5 {[%clk 0:02:29]} 13. a3 {[%clk 0:02:40]}  Bg7 {[%clk 0:02:24]} 14. Re1 {[%clk 0:02:40]}  e5 {[%clk 0:02:20]} 15. Nd2 {[%clk 0:02:39]}  f5 {[%clk 0:02:20]} 16. Bd5+ {[%clk 0:02:38]}  Kh8 {[%clk 0:02:20]} 17. Nf3 {[%clk 0:02:26]}  Ne7 {[%clk 0:02:09]} 18. Nxe5 {[%clk 0:02:19]}  Nxd5 {[%clk 0:02:09]} 19. cxd5 {[%clk 0:02:19]}  Qxd5 {[%clk 0:02:09]} 20. Qf3 {[%clk 0:02:19]}  Be6 {[%clk 0:01:38]} 21. Qxd5 {[%clk 0:02:10]}  Bxd5 {[%clk 0:01:39]} 22. Bxd4 {[%clk 0:02:11]}  Bxb3 {[%clk 0:01:39]} 23. Rac1 {[%clk 0:02:09]}  Rac8 {[%clk 0:01:32]} 24. f4 {[%clk 0:01:51]}  Rfd8 {[%clk 0:01:20]} 25. Bb6 {[%clk 0:01:43]}  Re8 {[%clk 0:01:17]} 26. Kf2 {[%clk 0:01:22]}  a4 {[%clk 0:01:17]} 27. g3 {[%clk 0:01:16]}  Kg8 {[%clk 0:01:16]} 28. Nd7 {[%clk 0:01:10]}  Bd5 {[%clk 0:00:28]} 29. Rxc8 {[%clk 0:01:02]}  Rxc8 {[%clk 0:00:28]} 30. Re7 {[%clk 0:01:03]}  Rc2+ {[%clk 0:00:28]} 31. Ke3 {[%clk 0:01:02]}  Bc6 {[%clk 0:00:22]} 32. h4 {[%clk 0:00:49]}  Rc1 {[%clk 0:00:11]} 33. Ne5 {[%clk 0:00:41]}  Bxe5 {[%clk 0:00:09]} 34. fxe5 {[%clk 0:00:40]}  Re1+ {[%clk 0:00:08]} 35. Kf4 {[%clk 0:00:40]}  Rf1+ {[%clk 0:00:07]} 36. Kg5 {[%clk 0:00:40]}  Rf3 {[%clk 0:00:05]} 37. Kf6 {[%clk 0:00:39]}  Rxg3 {[%clk 0:00:03]} 38. Rc7 {[%clk 0:00:31]}  h5 {[%clk 0:00:02]} 39. e6 {[%clk 0:00:31]}  f4 {[%clk 0:00:00]} 40. e7 {[%clk 0:00:22]} 1-0

[Event "April 9 Late 2024"]
[Site "Chess.com"]
[Date "2024.04.09"]
[Round "7"]
[White "Skotheim, Andreas"]
[Black "Crispin Ferreras, Darvi Abraham"]
[Result "1-0"]
[Board "84"]
[WhiteFideId "1518526"]
[BlackFideId "6402771"]
[WhiteTitle "CM"]
[BlackTitle "CM"]
[WhiteElo "2579"]
[BlackElo "2426"]
[WhiteTeam "NOR"]
[BlackTeam "DOM"]
[WhiteClock "0:00:05"]
[BlackClock "0:00:00"]
[Variant "Standard"]

1. Nf3 {[%clk 0:03:00]}  d5 {[%clk 0:02:56]} 2. e3 {[%clk 0:03:00]}  Nf6 {[%clk 0:02:55]} 3. c4 {[%clk 0:03:00]}  e6 {[%clk 0:02:55]} 4. Nc3 {[%clk 0:03:00]}  Bb4 {[%clk 0:02:52]} 5. Qa4+ {[%clk 0:02:52]}  Nc6 {[%clk 0:02:51]} 6. Ne5 {[%clk 0:02:50]}  Bxc3 {[%clk 0:02:48]} 7. bxc3 {[%clk 0:02:37]}  Bd7 {[%clk 0:02:40]} 8. Nxd7 {[%clk 0:02:32]}  Nxd7 {[%clk 0:02:35]} 9. cxd5 {[%clk 0:02:31]}  exd5 {[%clk 0:02:34]} 10. Ba3 {[%clk 0:02:28]}  Ne7 {[%clk 0:02:34]} 11. Qh4 {[%clk 0:02:10]}  Nf6 {[%clk 0:02:28]} 12. Rb1 {[%clk 0:02:03]}  Rb8 {[%clk 0:02:27]} 13. Bb5+ {[%clk 0:01:54]}  c6 {[%clk 0:02:26]} 14. Bd3 {[%clk 0:01:54]}  O-O {[%clk 0:02:25]} 15. g4 {[%clk 0:01:49]}  Re8 {[%clk 0:01:38]} 16. g5 {[%clk 0:01:38]}  Ne4 {[%clk 0:01:38]} 17. Bxe4 {[%clk 0:01:30]}  dxe4 {[%clk 0:01:38]} 18. Qxe4 {[%clk 0:01:30]}  Nd5 {[%clk 0:01:38]} 19. Qg4 {[%clk 0:01:20]}  Qa5 {[%clk 0:01:38]} 20. Rb3 {[%clk 0:01:18]}  Qa6 {[%clk 0:01:28]} 21. Qe2 {[%clk 0:01:12]}  Qa4 {[%clk 0:01:24]} 22. c4 {[%clk 0:00:43]}  Nf4 {[%clk 0:01:18]} 23. Qf1 {[%clk 0:00:34]}  Rbd8 {[%clk 0:01:11]} 24. Rg1 {[%clk 0:00:27]}  Ne6 {[%clk 0:00:42]} 25. Kd1 {[%clk 0:00:15]}  Qa5 {[%clk 0:00:29]} 26. d4 {[%clk 0:00:06]}  Nxg5 {[%clk 0:00:15]} 27. Kc2 {[%clk 0:00:06]}  Ne6 {[%clk 0:00:15]} 28. Qg2 {[%clk 0:00:06]}  Qf5+ {[%clk 0:00:15]} 29. Kb2 {[%clk 0:00:05]}  b5 {[%clk 0:00:12]} 30. cxb5 {[%clk 0:00:05]}  cxb5 {[%clk 0:00:12]} 31. Ka1 {[%clk 0:00:05]}  a5 {[%clk 0:00:11]} 32. Bb2 {[%clk 0:00:05]}  g6 {[%clk 0:00:00]} 33. e4 {[%clk 0:00:05]} 1-0